00198nam a2200085Ia 4500008004100000100001500041245003200056260001500088300000900103190216s9999||||xx |||||||||||||| ||und|| aAgarwal An 0aFundamentals Of Accountancy bNullc1967 a234p